000 00638nam a2200241Ia 4500
001 43519
005 20240114003551.0
007 ta
008 081205s1973 g b000 u asm u
040 _aCotton College,Assam
041 _aasm
082 _a891.4142
_bB 288 Sm
100 _aBarua , Atul Chandra .
245 0 _aSmitir Rangia /
_cAtul Chandra Barua.
_hTextual Documents
250 _aIst ed /
260 _aRangia :
_bAssam Sahitya Sabha ,
_c1973.
300 _a72p ;
_c21cm.
653 _aAssamese Essay collection
653 _aT/G- Assamese
942 _2ddc
_cBK
999 _c43485
_d43485